[Event "Masters Tournament (MTO)"]
[Site "Biel, CH"]
[Date "2025.07.14"]
[Round "1"]
[White "Doraszelski, Alexander"]
[Black "Glasschroeder, Maximilian"]
[Result "1-0"]
[Board "52"]
[WhiteFideId "12996149"]
[BlackFideId "34652590"]
[WhiteElo "2154"]
[BlackElo "1886"]
[WhiteTeam "GER"]
[BlackTeam "GER"]
[WhiteClock "0:05:07"]
[BlackClock "0:00:36"]
[Variant "Standard"]

1. e4 {[%clk 1:40:57]}  c6 {[%clk 1:40:51]} 2. d4 {[%clk 1:41:16]}  d5 {[%clk 1:40:53]} 3. Nd2 {[%clk 1:41:34]}  dxe4 {[%clk 1:41:08]} 4. Nxe4 {[%clk 1:41:57]}  Nf6 {[%clk 1:41:19]} 5. Nxf6+ {[%clk 1:41:51]}  exf6 {[%clk 1:41:40]} 6. Be3 {[%clk 1:41:23]}  Bd6 {[%clk 1:40:43]} 7. Bd3 {[%clk 1:41:25]}  O-O {[%clk 1:37:21]} 8. Ne2 {[%clk 1:41:16]}  Re8 {[%clk 1:33:58]} 9. O-O {[%clk 1:38:55]}  Nd7 {[%clk 1:30:52]} 10. c4 {[%clk 1:38:26]}  Nf8 {[%clk 1:30:18]} 11. Qc2 {[%clk 1:37:55]}  Bc7 {[%clk 1:22:45]} 12. Rfe1 {[%clk 1:26:08]}  Bg4 {[%clk 1:16:16]} 13. Ng3 {[%clk 1:15:52]}  Qd6 {[%clk 1:05:48]} 14. h3 {[%clk 1:07:12]}  Be6 {[%clk 1:04:30]} 15. Rad1 {[%clk 1:05:17]}  Rad8 {[%clk 0:58:15]} 16. Be4 {[%clk 1:01:31]}  Qe7 {[%clk 0:33:20]} 17. Bf3 {[%clk 0:48:05]}  Rc8 {[%clk 0:19:52]} 18. b3 {[%clk 0:39:32]}  Ng6 {[%clk 0:13:05]} 19. Be4 {[%clk 0:26:46]}  Nf8 {[%clk 0:09:29]} 20. Bc1 {[%clk 0:23:21]}  Qd8 {[%clk 0:06:04]} 21. Qd3 {[%clk 0:19:16]}  Ba5 {[%clk 0:02:57]} 22. Re2 {[%clk 0:18:20]}  Bd7 {[%clk 0:01:56]} 23. Bb2 {[%clk 0:16:53]}  Ng6 {[%clk 0:01:18]} 24. Qf3 {[%clk 0:12:26]}  Qc7 {[%clk 0:00:40]} 25. Bc1 {[%clk 0:05:49]}  Bb4 {[%clk 0:00:40]} 26. c5 {[%clk 0:05:45]}  Be6 {[%clk 0:00:40]} 27. a3 {[%clk 0:04:53]}  Ba5 {[%clk 0:00:36]} 28. b4 {[%clk 0:05:07]} 1-0

[Event "Masters Tournament (MTO)"]
[Site "Biel, CH"]
[Date "2025.07.14"]
[Round "1"]
[White "von Burg, Carl Alexander"]
[Black "Gut, Raphael"]
[Result "1/2-1/2"]
[Board "53"]
[WhiteFideId "1352458"]
[BlackFideId "1339974"]
[WhiteElo "1878"]
[BlackElo "2147"]
[WhiteTeam "SUI"]
[BlackTeam "SUI"]
[WhiteClock "0:20:04"]
[BlackClock "0:16:58"]
[Variant "Standard"]

1. d4 {[%clk 1:40:58]}  Nf6 {[%clk 1:40:55]} 2. c4 {[%clk 1:41:19]}  g6 {[%clk 1:41:22]} 3. g3 {[%clk 1:41:34]}  Bg7 {[%clk 1:41:42]} 4. Bg2 {[%clk 1:41:56]}  d5 {[%clk 1:42:09]} 5. cxd5 {[%clk 1:40:02]}  Nxd5 {[%clk 1:42:15]} 6. e4 {[%clk 1:40:11]}  Nb6 {[%clk 1:42:41]} 7. Nf3 {[%clk 1:40:03]}  Bg4 {[%clk 1:34:58]} 8. d5 {[%clk 1:39:14]}  c6 {[%clk 1:18:53]} 9. h3 {[%clk 1:37:27]}  Bxf3 {[%clk 1:16:35]} 10. Qxf3 {[%clk 1:36:09]}  cxd5 {[%clk 1:12:17]} 11. exd5 {[%clk 1:36:28]}  O-O {[%clk 1:12:30]} 12. O-O {[%clk 1:35:38]}  Na6 {[%clk 1:05:47]} 13. Nc3 {[%clk 1:32:08]}  Qd7 {[%clk 1:03:11]} 14. Bf4 {[%clk 1:27:05]}  Rac8 {[%clk 1:00:56]} 15. Rac1 {[%clk 1:18:30]}  Rfd8 {[%clk 1:00:40]} 16. d6 {[%clk 1:09:10]}  exd6 {[%clk 0:55:11]} 17. Qxb7 {[%clk 1:06:45]}  Nc5 {[%clk 0:50:42]} 18. Qxd7 {[%clk 1:05:52]}  Rxd7 {[%clk 0:48:11]} 19. Nd5 {[%clk 0:51:39]}  Nxd5 {[%clk 0:46:45]} 20. Bxd5 {[%clk 0:51:55]}  Bxb2 {[%clk 0:45:43]} 21. Rc2 {[%clk 0:50:37]}  Be5 {[%clk 0:43:09]} 22. Be3 {[%clk 0:50:29]}  Rdc7 {[%clk 0:41:01]} 23. Rb1 {[%clk 0:49:52]}  Kg7 {[%clk 0:39:33]} 24. Kg2 {[%clk 0:46:37]}  Na4 {[%clk 0:28:56]} 25. Rxc7 {[%clk 0:45:33]}  Rxc7 {[%clk 0:29:24]} 26. Rb7 {[%clk 0:45:40]}  Rxb7 {[%clk 0:29:25]} 27. Bxb7 {[%clk 0:46:01]}  a5 {[%clk 0:27:47]} 28. Bc6 {[%clk 0:40:40]}  Nc3 {[%clk 0:26:41]} 29. a4 {[%clk 0:39:49]}  Na2 {[%clk 0:25:34]} 30. Kf3 {[%clk 0:33:42]}  Nb4 {[%clk 0:25:39]} 31. Bb5 {[%clk 0:32:50]}  Bc3 {[%clk 0:24:55]} 32. Bf4 {[%clk 0:29:25]}  d5 {[%clk 0:21:32]} 33. Bc7 {[%clk 0:26:38]}  Nc2 {[%clk 0:20:35]} 34. Ke2 {[%clk 0:24:22]}  d4 {[%clk 0:18:29]} 35. Bd3 {[%clk 0:21:49]}  Ne1 {[%clk 0:16:19]} 36. Be5+ {[%clk 0:19:26]}  f6 {[%clk 0:16:03]} 37. Bxd4 {[%clk 0:19:45]}  Bxd4 {[%clk 0:16:30]} 38. Kxe1 {[%clk 0:20:04]}  Bc3+ {[%clk 0:16:58]} 1/2-1/2

[Event "Masters Tournament (MTO)"]
[Site "Biel, CH"]
[Date "2025.07.14"]
[Round "1"]
[White "Schnell, Simon"]
[Black "Hoffmann, Alexander"]
[Result "1-0"]
[Board "54"]
[WhiteFideId "1345311"]
[BlackFideId "16240219"]
[WhiteElo "2144"]
[BlackElo "1872"]
[WhiteTeam "SUI"]
[BlackTeam "GER"]
[WhiteClock "0:29:14"]
[BlackClock "0:13:10"]
[Variant "Standard"]

1. d4 {[%clk 1:40:57]}  Nf6 {[%clk 1:40:41]} 2. c4 {[%clk 1:41:22]}  e6 {[%clk 1:40:55]} 3. Nc3 {[%clk 1:41:06]}  d5 {[%clk 1:41:06]} 4. cxd5 {[%clk 1:41:14]}  exd5 {[%clk 1:41:27]} 5. Bg5 {[%clk 1:41:38]}  c6 {[%clk 1:39:07]} 6. e3 {[%clk 1:41:35]}  Bd6 {[%clk 1:38:05]} 7. Bd3 {[%clk 1:41:57]}  h6 {[%clk 1:33:56]} 8. Bh4 {[%clk 1:41:44]}  O-O {[%clk 1:33:09]} 9. Nf3 {[%clk 1:40:09]}  Bg4 {[%clk 1:30:41]} 10. h3 {[%clk 1:27:35]}  Be6 {[%clk 1:26:01]} 11. Ne5 {[%clk 1:24:31]}  c5 {[%clk 1:15:34]} 12. O-O {[%clk 1:23:59]}  cxd4 {[%clk 1:13:50]} 13. exd4 {[%clk 1:24:16]}  Nc6 {[%clk 1:11:31]} 14. Nxc6 {[%clk 1:19:49]}  bxc6 {[%clk 1:11:21]} 15. Rc1 {[%clk 1:11:41]}  Be7 {[%clk 1:08:37]} 16. Na4 {[%clk 1:07:15]}  Rc8 {[%clk 1:02:38]} 17. Nc5 {[%clk 1:04:25]}  Bd7 {[%clk 0:59:40]} 18. a3 {[%clk 0:59:35]}  Ne8 {[%clk 0:55:38]} 19. Nb7 {[%clk 0:57:41]}  Qb6 {[%clk 0:54:22]} 20. Bxe7 {[%clk 0:58:05]}  Qxb7 {[%clk 0:54:45]} 21. Bxf8 {[%clk 0:58:04]}  Kxf8 {[%clk 0:55:03]} 22. Qe2 {[%clk 0:53:05]}  Rb8 {[%clk 0:52:32]} 23. Rfe1 {[%clk 0:51:06]}  Nf6 {[%clk 0:50:46]} 24. Qe7+ {[%clk 0:49:12]}  Kg8 {[%clk 0:50:55]} 25. b4 {[%clk 0:49:17]}  Ra8 {[%clk 0:35:16]} 26. Qc5 {[%clk 0:45:47]}  Rb8 {[%clk 0:27:47]} 27. Re7 {[%clk 0:42:03]}  Qb6 {[%clk 0:24:23]} 28. Qxb6 {[%clk 0:41:00]}  Rxb6 {[%clk 0:24:32]} 29. b5 {[%clk 0:33:34]}  cxb5 {[%clk 0:16:20]} 30. Rc7 {[%clk 0:32:56]}  Be8 {[%clk 0:16:00]} 31. Rxa7 {[%clk 0:30:02]}  Rc6 {[%clk 0:12:49]} 32. Rxe8+ {[%clk 0:27:21]}  Nxe8 {[%clk 0:12:57]} 33. Ra8 {[%clk 0:27:37]}  Kf8 {[%clk 0:12:27]} 34. Bxb5 {[%clk 0:27:48]}  Rc1+ {[%clk 0:12:42]} 35. Kh2 {[%clk 0:28:15]}  Re1 {[%clk 0:13:04]} 36. a4 {[%clk 0:28:43]}  f6 {[%clk 0:12:53]} 37. a5 {[%clk 0:29:00]}  Kf7 {[%clk 0:13:10]} 38. Bxe8+ {[%clk 0:29:14]} 1-0

[Event "Masters Tournament (MTO)"]
[Site "Biel, CH"]
[Date "2025.07.14"]
[Round "1"]
[White "Marcenaro, Alessandro"]
[Black "Hornung, Hans, Dr."]
[Result "1-0"]
[Board "55"]
[WhiteFideId "28554094"]
[BlackFideId "4615140"]
[WhiteElo "2160"]
[BlackElo "1905"]
[WhiteTeam "ITA"]
[BlackTeam "GER"]
[WhiteClock "0:28:30"]
[BlackClock "0:27:03"]
[Variant "Standard"]

1. e4 {[%clk 1:40:48]}  d5 {[%clk 1:39:09]} 2. exd5 {[%clk 1:41:03]}  Nf6 {[%clk 1:39:25]} 3. c4 {[%clk 1:40:42]}  e6 {[%clk 1:38:52]} 4. dxe6 {[%clk 1:40:10]}  Bxe6 {[%clk 1:39:03]} 5. Nf3 {[%clk 1:39:41]}  Nc6 {[%clk 1:26:43]} 6. d4 {[%clk 1:34:15]}  Bb4+ {[%clk 1:16:08]} 7. Nc3 {[%clk 1:30:48]}  Qe7 {[%clk 1:06:41]} 8. Be3 {[%clk 1:19:21]}  O-O-O {[%clk 1:04:38]} 9. Qc2 {[%clk 1:13:30]}  Ng4 {[%clk 0:44:44]} 10. O-O-O {[%clk 1:08:00]}  Nxe3 {[%clk 0:40:35]} 11. fxe3 {[%clk 1:08:18]}  Bg4 {[%clk 0:39:22]} 12. Nd5 {[%clk 0:55:22]}  Rxd5 {[%clk 0:34:48]} 13. cxd5 {[%clk 0:55:36]}  Qxe3+ {[%clk 0:34:59]} 14. Kb1 {[%clk 0:55:28]}  Ne7 {[%clk 0:28:58]} 15. Bd3 {[%clk 0:51:15]}  Kb8 {[%clk 0:28:01]} 16. a3 {[%clk 0:31:42]}  Bd6 {[%clk 0:28:14]} 17. Rde1 {[%clk 0:31:36]}  Qh6 {[%clk 0:27:42]} 18. Ne5 {[%clk 0:31:05]}  Bh5 {[%clk 0:27:03]} 19. g4 {[%clk 0:28:30]} 1-0